| 000 | 01062nam a2200193 a 4500 | ||
|---|---|---|---|
| 001 | 000046296 | ||
| 005 | 20201002052753.0 | ||
| 008 | 150716s2000 dr a 000 0 spa d | ||
| 020 | _a9993482005 | ||
| 040 |
_aDO-SdBNP _bspa _cBNPHU |
||
| 082 |
_axxxx _bxxxx |
||
| 100 | 1 |
_aBarrios, Luis _912327 |
|
| 245 | 1 | 0 |
_aJosconiando : _bdimensiones sociales y políticas de la espiritualidad / _cLuis Barrios ; prólogo Frei Betto. |
| 260 |
_aSanto Domingo : _bAguilar, _c2000. |
||
| 300 |
_axvii, 340 p. : _bil. ; _c23 cm. |
||
| 500 | _aIncluye datos biográficos de la autora en la solapa de la contracubierta. | ||
| 505 | 0 |
_aPuerto Rico -- _tLucha de clases -- _tEvangelio social -- _tEstados Unidos -- _tSexismo -- _tRacismo -- _tBrutalidad y corrupción policial -- _tRepública Dominicana -- _tInmigrantes -- _tPrisioneros(as) políticos(as) -- _tCuba -- _tVendedores(as) ambulantes -- _tHomofobia, heterosexismo y sexualidad -- _tEspiritualidad política -- _tTeología del SIDA: una iglesia solidaria que siente y actúa con los pueblos. |
|
| 700 | 1 | 2 |
_aBetto, Frei, _epról. _974308 |
| 999 |
_c45785 _d45785 |
||